| 000 | 00545nam a2200181Ia 4500 | ||
|---|---|---|---|
| 008 | 100920s9999 xx 000 0 und d | ||
| 082 |
_b64236 _a28 व 7 थ 93 |
||
| 100 | _aThomas Vernon. | ||
| 245 | _aMore Stories FROM PANCHATANTRA. | ||
| 260 |
_bHemkunt Press,New Delhi. _c1993 |
||
| 300 |
_a107 _bसाधी |
||
| 365 | _b55 | ||
| 520 | _aबा.वि.स्टोरी. | ||
| 630 | _aMore Stories FROM PANCHATANTRA. | ||
| 650 | _aबा.वि.स्टोरी. | ||
| 730 | _aMore Stories FROM PANCHATANTRA. | ||
| 942 | _cBOOK | ||
| 999 |
_c707289 _d707286 |
||